000 00825nam a2200181 i 4500
001 bg
100 1 _aBODIO, Eugeniusz
245 0 _aZastosowanie wieloskładnikowych mieszanin gazowych w chłdziarkach Linde-Hampsona /
_cE. Bodio.
260 _aWrocław,
_c1985.
490 1 _aPrace Naukowe Instytutu Techniki Cieplnej i Mechaniki Płynów Politechniki Wrocławskiej. Monografie =
_aScientific Papers of the Institute of Power Engineering and Fluid Mechanics of the Technical University of Wrocław. Monographs,
_x0324-9387 ;
_v10
500 _aNumeracja ser. gł. : 28.
830 0 _aPrace Naukowe Instytutu Techniki Cieplnej i Mechaniki Płynów Politechniki Wrocławskiej.
_pMonografie ;
_v10
040 _cBPK
041 _apol
080 _a621.56/.59:661
942 _cKS
008 s pl f |000 0 pol
999 _c23242
_d23242
856 _uhttp://koha.tu.koszalin.pl/cgi-bin/koha/opac-detail.pl?biblionumber=23242
_yKatalog online BPK